| 000 | 00634nam a22001577a 4500 | ||
|---|---|---|---|
| 999 |
_c17799 _d17799 |
||
| 008 | 230118b ||||| |||| 00| 0 eng d | ||
| 082 | _aDPer 370.5 M720 June - December 2017 v66 no. 1-7 | ||
| 100 |
_aAvendano, Ma. Nina P. _eauthor. _947284 |
||
| 245 |
_aA glance at Philippine education : _b(yesterday, today, and tomorrow) / _cMa. Nina P. Avendano. |
||
| 260 |
_aPhilippines : _bPapi Publishers, Inc., _c June 2017. |
||
| 300 | _avolume 66, pages 6-7. | ||
| 650 |
_aEducation-Study and teaching. _943268 |
||
| 650 |
_aEducation-Aims and objectives. _947285 |
||
| 700 |
_aAvendano, Ma. Nina P. _eauthor. _947284 |
||
| 942 |
_2ddc _cPER |
||